| 000 | 00554nam a2200181Ia 4500 | ||
|---|---|---|---|
| 999 |
_c21051 _d21051 |
||
| 082 | _aTP.0260 | ||
| 100 | _aParamjit Kaur | ||
| 245 | 0 | _aStudy of conditionability for various pronouns in relation to age, sex and personality | |
| 250 | _aPunjabi University | ||
| 260 | _c1992 | ||
| 300 | _a105p. + C D - 46 | ||
| 650 | _aCONDITIONAL REFLEXES//CONDITIONED RESPONSE | ||
| 650 | _aVERBAL CONDITIONING | ||
| 650 | _aVERBAL CONDITIONING | ||
| 650 | _aCONDITIONAL RESPONSE//CONDITIONED RESPONSE | ||
| 710 | _aKhumar, Satnam Singh | ||
| 942 |
_cTH _2ddc |
||